Panorama of global security environment 2009

Salvato in:
Dettagli Bibliografici
Altri autori: Majer, Marián, Ondrejcsák, Robert, Tarasovič, Vladimír, Valášek, Tomáš
Natura: Libro
Lingua:inglese
Pubblicazione: Bratislava Centre for European and North Atlantic Affairs (CENAA) 2009
Soggetti:
Tags: Aggiungi Tag
Nessun Tag, puoi essere il primo ad aggiungerne!!

MARC

LEADER 00000nam a2200000 4500
001 0168573
005 20240109072223.5
020 |a 978-80-970041-5-6 
041 0 |a eng 
044 |a SK 
245 1 0 |a Panorama of global security environment 2009  |c editors: Marián Majer ... [et al.] 
264 1 |a Bratislava  |b Centre for European and North Atlantic Affairs (CENAA)  |c 2009 
300 |a 734 s. 
610 2 0 |a bezpečnosť 
610 2 0 |a bezpečnosť medzinárodná 
610 2 0 |a prostredie životné 
610 2 0 |a integrácia 
610 2 0 |a bezpečnosť environmentálna 
610 2 0 |a Európska únia 
610 2 0 |a stredná Európa 
610 2 0 |a Česko 
610 2 0 |a Slovensko 
610 2 0 |a Balkán 
610 2 0 |a Bulharsko 
610 2 0 |a Poľsko 
610 2 0 |a Srbsko 
610 2 0 |a Bosna a Hercegovina 
610 2 0 |a Kosovo 
610 2 0 |a Island 
610 2 0 |a Rusko 
610 2 0 |a Ukrajina 
610 2 0 |a Bielorusko 
610 2 0 |a Palestína 
610 2 0 |a Sýria 
610 2 0 |a Afganistan 
610 2 0 |a Pakistan 
610 2 0 |a Kórea 
700 1 |a Majer, Marián 
700 1 |a Ondrejcsák, Robert 
700 1 |a Tarasovič, Vladimír 
700 1 |a Valášek, Tomáš